| 000 | 00576nam a22002057a 4500 | ||
|---|---|---|---|
| 003 | UA-OsUOA | ||
| 001 | 19914 | ||
| 007 | ta | ||
| 008 | 20040922b un ||||| |||| 00| 0 ukr d | ||
| 100 | _aКудін С. | ||
| 942 | _cBK | ||
| 040 |
_aUA-OsUOA _brus _cUA-OsUOA _dUA-OsUOA |
||
| 245 |
_aУ лабетах ГУЛАГу _bАвтобіографічна повість колишнього політв'язня Комі-ГУЛАГу ІІІ |
||
| 300 | _a64 с. | ||
| 955 | _a0 | ||
| 041 | _arus | ||
| 260 |
_aДубно _c2000 |
||
| 044 | _aRU | ||
| 650 | 7 |
_aГулаг _2UDC |
|
| 999 |
_c306087 _d306087 |
||